| 000 | 00501nam a22001697a 4500 | ||
|---|---|---|---|
| 005 | 20251108163333.0 | ||
| 008 | 250721s1984 xx 000 0 ara d | ||
| 082 | 1 | 4 | _a/158.2كار |
| 100 | 1 | _aدايل، كارنيجي | |
| 245 | 1 | 0 | _aكيف تكسب الأصدقاء / |
| 264 | 1 |
_aبيروت : _bدار ومكتبة الهلال، _c1984. |
|
| 300 | _a231ص | ||
| 490 | 0 | _aالأعمال الكاملة لدايل كارنيجي ؛2 | |
| 650 | 1 | 7 | _aالصداقة |
| 942 |
_2ddc _cBK |
||
| 999 |
_c160 _d160 |
||